000 00904cam a22002411 4500
001 e 49000052
003 DLC
005 20260227111234.0
008 830126s1949 dcua 000 0 eng
010 _ae 49000052
035 _a(OCoLC)16764277
040 _aDLC
_cOrPS
_dDLC
042 _apremarc
050 0 0 _aL111
_b.A6 1949, no. 12
051 _aLB1570
_b.B35
100 1 _aBathurst, Effie G.
_q(Effie Geneva),
_d1886-
245 1 4 _aThe place of subjects in the curriculum
260 _a[Washington]
_bFederal Security Agency, Office of Education
_c[1949]
300 _a33 p.
_billus.
_c23 cm.
501 _aCopies 1 and 2 of L111.A6 with: Petersburg builds a health program / Effie G. Bathurst. Washington : Govt. Print. Off., 1949. Bound together subsequent to publication.
_5DLC
650 0 _aEducation
_xCurricula.
830 0 _aBulletin (United States. Office of Education) ;
_v1949, no. 12.
999 _c22113
_d22113